000 00380nam a2200121Ia 4500
008 211119s9999||||xx |||||||||||||| ||und||
082 _a791.0954
_bJAY-U
100 _aJayakumar, K P
245 0 _aUdalil Kothiya Charithrasmaranakal
260 _bMathrubhumi Books
_a2011
_cKottayam
650 _aArts & recreation
_vPublic performanceEconomics
_xPGR-GANDHIAN STUDIES
942 _cBOOK
999 _c112155
_d112155